<?xml version="1.0" encoding="UTF-8"?>
<record
    xmlns:xsi="http://www.w3.org/2001/XMLSchema-instance"
    xsi:schemaLocation="http://www.loc.gov/MARC21/slim http://www.loc.gov/standards/marcxml/schema/MARC21slim.xsd"
    xmlns="http://www.loc.gov/MARC21/slim">

  <leader>00954nam a2200229 i 4500</leader>
  <controlfield tag="001">17576</controlfield>
  <controlfield tag="003">ES-MaACL</controlfield>
  <controlfield tag="005">20250523062556.0</controlfield>
  <controlfield tag="007">t|</controlfield>
  <controlfield tag="008">010404s2000    sp           ||||1| spa d</controlfield>
  <datafield tag="020" ind1=" " ind2=" ">
    <subfield code="a">84-8409-078-7</subfield>
  </datafield>
  <datafield tag="080" ind1=" " ind2=" ">
    <subfield code="a">821.124-96"00"</subfield>
  </datafield>
  <datafield tag="100" ind1="1" ind2=" ">
    <subfield code="a">S&#xE9;neca, Lucio Anneo.</subfield>
    <subfield code="9">105451</subfield>
  </datafield>
  <datafield tag="245" ind1="1" ind2="0">
    <subfield code="a">Di&#xE1;logos </subfield>
    <subfield code="b">: De la providencia. De la firmeza del sabio. De la ira (I-II-III). De la felicidad. De la vida retirada. De la serenidad del esp&#xED;ritu. De la brevedad de la vida / </subfield>
    <subfield code="c">Lucio Anneo S&#xE9;neca ; introducciones, traducci&#xF3;n y notas Mat&#xED;as L&#xF3;pez L&#xF3;pez ; pr&#xF3;logo Agust&#xED;n Garc&#xED;a Calvo.</subfield>
  </datafield>
  <datafield tag="260" ind1=" " ind2=" ">
    <subfield code="a">Lleida : </subfield>
    <subfield code="b">Edicions de la Universitat de Lleida, </subfield>
    <subfield code="c">2000.</subfield>
  </datafield>
  <datafield tag="300" ind1=" " ind2=" ">
    <subfield code="a">293 p. ; </subfield>
    <subfield code="c">24 cm.</subfield>
  </datafield>
  <datafield tag="700" ind1="1" ind2=" ">
    <subfield code="a">L&#xF3;pez L&#xF3;pez, Mat&#xED;as.</subfield>
    <subfield code="9">197609</subfield>
  </datafield>
  <datafield tag="700" ind1="1" ind2=" ">
    <subfield code="a">Garc&#xED;a Calvo, Agust&#xED;n,</subfield>
    <subfield code="d">1926-2012</subfield>
    <subfield code="9">233841</subfield>
  </datafield>
  <datafield tag="710" ind1="2" ind2=" ">
    <subfield code="a">Universidad de Lleida.</subfield>
    <subfield code="9">7202</subfield>
  </datafield>
  <datafield tag="852" ind1=" " ind2=" ">
    <subfield code="a">ES-MaACL</subfield>
    <subfield code="j">L-24515 </subfield>
    <subfield code="b">R.129820</subfield>
  </datafield>
  <datafield tag="999" ind1=" " ind2=" ">
    <subfield code="c">17576</subfield>
    <subfield code="d">17576</subfield>
  </datafield>
  <datafield tag="952" ind1=" " ind2=" ">
    <subfield code="0">0</subfield>
    <subfield code="1">0</subfield>
    <subfield code="4">0</subfield>
    <subfield code="7">0</subfield>
    <subfield code="a">ATENEOM</subfield>
    <subfield code="b">ATENEOM</subfield>
    <subfield code="c">DEPO2</subfield>
    <subfield code="d">2008-01-17</subfield>
    <subfield code="e">SC</subfield>
    <subfield code="l">0</subfield>
    <subfield code="o">L-24515</subfield>
    <subfield code="p">1017931</subfield>
    <subfield code="r">2023-02-23 00:00:00</subfield>
    <subfield code="w">2023-02-23</subfield>
    <subfield code="y">MONOGRAFIA</subfield>
  </datafield>
</record>
